[Event "Vrsar Spring op"]
[Site "Vrsar"]
[Date "2024.04.01"]
[Round "3"]
[White "Horvat, Damjan"]
[Black "Staudner, Oliver"]
[Result "0-1"]
[WhiteElo "2121"]
[BlackElo "2386"]
[PlyCount "91"]
[EventDate "2024.04.01"]
[EventType "swiss"]
[EventRounds "9"]
[EventCountry "CRO"]
[SourceTitle "CB16_2024"]
[SourceDate "2024.04.17"]
[SourceVersion "1"]
[SourceVersionDate "2024.04.17"]
[SourceQuality "1"]

1. e4 e6 2. d3 d5 3. Nd2 Nc6 4. Ngf3 Nf6 5. Be2 Bd6 6. c3 a5 7. a4 0-0 8. 0-0 Re8 9. Re1 e5 10. exd5 Nxd5 11. Nc4 h6 12. Nxd6 Qxd6 13. Nd2 Nf4 14. Nc4 Nxe2+ 15. Qxe2 Qg6 16. f4 Bg4 17. Qf2 Rad8 18. Nxe5 Nxe5 19. Rxe5 Qxd3 20. Be3 f6 21. Rxe8+ Rxe8 22. Re1 Bd7 23. Qd2 Qf5 24. b3 Bc6 25. Bf2 Rxe1+ 26. Bxe1 Qb1 27. b4 axb4 28. cxb4 Bxa4 29. h3 Bc6 30. Kh2 Qe4 31. Qf2 Bd5 32. Bc3 Kh7 33. Bd4 b6 34. Qd2 Kg6 35. Be3 Kf7 36. Kg1 Ke6 37. Kh2 Kd7 38. Kg1 Kc6 39. Bd4 Kb5 40. Bc3 Kc4 41. Bb2 c6 42. b5 Kxb5 43. Ba3 c5 44. Qa2 Bf7 45. Bc1 Qh7 46. Qb1+ 0-1

[Event "Vrsar op"]
[Site "Vrsar"]
[Date "2023.04.27"]
[Round "4"]
[White "Florjan, Mladen"]
[Black "Horvat, Damjan"]
[Result "0-1"]
[WhiteElo "2002"]
[BlackElo "2106"]
[PlyCount "138"]
[EventDate "2023.04.25"]
[EventType "swiss"]
[EventRounds "9"]
[EventCountry "CRO"]
[SourceTitle "CBM 214 Extra"]
[Source "ChessBase"]
[SourceDate "2023.07.31"]
[SourceVersion "1"]
[SourceVersionDate "2023.07.31"]
[SourceQuality "1"]

1. Nf3 d5 2. g3 Nf6 3. Bg2 g6 4. d4 Bg7 5. c4 c6 6. Qb3 0-0 7. 0-0 b6 8. cxd5 cxd5 9. Ne5 Bb7 10. Nc3 Nc6 11. Nxc6 Bxc6 12. Bd2 Qd7 13. Rac1 e6 14. e3 Rfc8 15. Rfe1 Ne8 16. Bf1 Nd6 17. Bd3 b5 18. Qd1 b4 19. Ne2 a5 20. b3 Bb5 21. Rxc8+ Rxc8 22. Bc1 Bxd3 23. Qxd3 Qb5 24. Rd1 Qxd3 25. Rxd3 Nb5 26. Rd2 Bf8 27. Kf1 h5 28. Ke1 g5 29. Kd1 Bd6 30. Rc2 Rxc2 31. Kxc2 g4 32. Kd3 f5 33. Bb2 Kf7 34. Kd2 Kg7 35. Kd3 Kg6 36. Kd2 Kf6 37. Kd3 Ke7 38. Kd2 Kd7 39. Nc1 Nc7 40. Ke2 Ne8 41. Nd3 Nf6 42. Ne1 Ne4 43. Ng2 Ke7 44. Nh4 Kf7 45. Ng2 Ng5 46. Nh4 Ke8 47. Ke1 Kf8 48. Ke2 Kf7 49. Ke1 Bc7 50. Ke2 Nh3 51. Ng2 Ng1+ 52. Kf1 Nf3 53. Ne1 Nd2+ 54. Ke2 Ne4 55. Nd3 Bd6 56. Ne1 h4 57. Ng2 h3 58. Nf4 Ng5 59. Bc1 Bxf4 60. exf4 Nf3 61. Kf1 Ke7 62. Be3 Kd7 63. Ke2 Kc6 64. Kf1 Kb5 65. Ke2 Nxh2 66. Ke1 Nf3+ 67. Kf1 Ka6 68. Bc1 Nxd4 69. Bb2 Nf3 0-1

[Event "EU-ch 23rd"]
[Site "Vrnjacka Banja"]
[Date "2023.03.04"]
[Round "2"]
[White "Gombocz, Ferenc Jr"]
[Black "Horvat, Damjan"]
[Result "1-0"]
[WhiteElo "2311"]
[BlackElo "2095"]
[PlyCount "123"]
[EventDate "2023.03.03"]
[EventType "swiss"]
[EventRounds "11"]
[EventCountry "SRB"]
[SourceTitle "CBM 213"]
[Source "ChessBase"]
[SourceDate "2023.04.30"]
[SourceVersion "1"]
[SourceVersionDate "2023.04.30"]
[SourceQuality "1"]

1. d4 d5 2. Nf3 Nf6 3. Bf4 c5 4. e3 e6 5. c3 Bd6 6. Bd3 Qc7 7. Bg3 Nbd7 8. Nbd2 e5 9. dxe5 Nxe5 10. Nxe5 Bxe5 11. Bb5+ Bd7 12. Bxd7+ Nxd7 13. Nf3 Bxg3 14. hxg3 Nf6 15. Qa4+ Qd7 16. Qxd7+ Kxd7 17. Ne5+ Ke6 18. Nd3 b6 19. f3 h5 20. Nf4+ Ke7 21. Rd1 Rad8 22. Nh3 Rd7 23. Ke2 g6 24. Rd2 Rhd8 25. Rhd1 Kd6 26. Ng5 Kc6 27. c4 dxc4 28. Nxf7 Rxd2+ 29. Rxd2 Rxd2+ 30. Kxd2 Kd5 31. e4+ Ke6 32. Nd8+ Kd7 33. Nf7 Ke6 34. Ng5+ Ke7 35. Nh3 Nd7 36. Nf4 Ne5 37. Nd5+ Kd6 38. a4 Nd7 39. Ne3 a6 40. Nxc4+ Kc6 41. Ne3 b5 42. Nd5 Kd6 43. axb5 axb5 44. f4 c4 45. Nc3 b4 46. e5+ Kc5 47. Ne4+ Kd5 48. Ke3 Nf8 49. Nf6+ Kc5 50. g4 hxg4 51. Nxg4 Ne6 52. Nf6 c3 53. bxc3 bxc3 54. Ne4+ Kc4 55. Nxc3 Kxc3 56. Ke4 Kc4 57. f5 Nc5+ 58. Kf4 Kd5 59. fxg6 Ke6 60. Ke3 Nd7 61. g7 Kf7 62. e6+ 1-0

[Event "Bosnjaci op 27th"]
[Site "Bosnjaci"]
[Date "2023.01.07"]
[Round "7"]
[White "Horvat, Damjan"]
[Black "Runic, Zoran"]
[Result "0-1"]
[WhiteElo "2068"]
[BlackElo "2289"]
[PlyCount "105"]
[EventDate "2023.01.03"]
[EventType "swiss"]
[EventRounds "9"]
[EventCountry "CRO"]
[SourceTitle "CBM 212 Extra"]
[Source "ChessBase"]
[SourceDate "2023.03.31"]
[SourceVersion "1"]
[SourceVersionDate "2023.03.31"]
[SourceQuality "1"]

1. Nf3 Nf6 2. e3 g6 3. b3 Bg7 4. Bb2 0-0 5. d4 d5 6. Be2 Bg4 7. Nbd2 a5 8. a3 c6 9. c4 e6 10. 0-0 Nbd7 11. h3 Bxf3 12. Bxf3 Ne8 13. e4 Nc7 14. Qc2 dxe4 15. Nxe4 e5 16. Nd6 Ne6 17. Nxb7 Qb6 18. Nc5 Ndxc5 19. dxc5 Qxc5 20. b4 axb4 21. axb4 Qxb4 22. Bxc6 Rxa1 23. Rxa1 Rc8 24. Ra8 Rxa8 25. Bxa8 Qe1+ 26. Kh2 Nf4 27. Bc3 Qf1 28. Bf3 Qxc4 29. Qb2 Qc7 30. g3 Nd3 31. Qd2 Qc4 32. Be2 e4 33. Bxg7 Kxg7 34. Qe3 Qc5 35. Qxe4 Qxf2+ 36. Qg2 Qxg2+ 37. Kxg2 Ne5 38. Kf2 f5 39. Ke3 Kf6 40. Bf1 g5 41. Be2 Ng6 42. Bd1 Ke5 43. Ba4 Ne7 44. Be8 Nd5+ 45. Kf3 Nf6 46. Bf7 h5 47. h4 g4+ 48. Ke3 Ne4 49. Bxh5 Nxg3 50. Be8 f4+ 51. Kf2 Nf5 52. h5 f3 53. Bd7 0-1

[Event "Hum na Sutli op 14th"]
[Site "Hum na Sutli"]
[Date "2022.08.24"]
[Round "7"]
[White "Kolednjak, Tomislav"]
[Black "Horvat, Damjan"]
[Result "1-0"]
[WhiteElo "1960"]
[BlackElo "2072"]
[PlyCount "55"]
[EventDate "2022.08.20"]
[EventType "swiss"]
[EventRounds "9"]
[EventCountry "CRO"]
[SourceTitle "CBM 210 Extra"]
[Source "ChessBase"]
[SourceDate "2022.11.30"]
[SourceVersion "1"]
[SourceVersionDate "2022.11.30"]
[SourceQuality "1"]

1. e4 c5 2. c3 Nf6 3. e5 Nd5 4. Nf3 Nc6 5. Bc4 Nb6 6. Bb3 d5 7. exd6 Qxd6 8. 0-0 c4 9. Bc2 e5 10. b3 Be6 11. Na3 Qd7 12. Qe2 Bxa3 13. Bxa3 f6 14. Rfd1 0-0-0 15. Bc5 Nd5 16. Be3 Nxe3 17. dxe3 Qc7 18. Nd2 Qa5 19. Nxc4 Qxc3 20. Rdc1 Bxc4 21. bxc4 Kb8 22. Be4 Qd2 23. Qf3 Kc7 24. Rab1 Rb8 25. Rd1 Qxa2 26. Qg4 Rbd8 27. Qxg7+ Kc8 28. Qxb7# 1-0

[Event "Hum na Sutli op 14th"]
[Site "Hum na Sutli"]
[Date "2022.08.21"]
[Round "3"]
[White "Kodric, Gasper"]
[Black "Horvat, Damjan"]
[Result "1-0"]
[WhiteElo "1901"]
[BlackElo "2072"]
[PlyCount "71"]
[EventDate "2022.08.20"]
[EventType "swiss"]
[EventRounds "9"]
[EventCountry "CRO"]
[SourceTitle "CBM 210 Extra"]
[Source "ChessBase"]
[SourceDate "2022.11.30"]
[SourceVersion "1"]
[SourceVersionDate "2022.11.30"]
[SourceQuality "1"]

1. c4 c6 2. Nf3 d5 3. d4 Nf6 4. g3 g6 5. Bg2 Bg7 6. 0-0 0-0 7. Qb3 Qb6 8. Nc3 Bf5 9. Ne5 Rd8 10. Qxb6 axb6 11. cxd5 cxd5 12. Bg5 Nc6 13. e3 Kf8 14. Rfc1 Nd7 15. Nxd7+ Rxd7 16. Nxd5 Ra6 17. Nb4 Ra7 18. Nxc6 bxc6 19. Bxc6 Rd8 20. Bf4 f6 21. Bg2 e5 22. dxe5 fxe5 23. Bg5 Re8 24. e4 Be6 25. a3 Kf7 26. Be3 Rb7 27. Rc6 Bf8 28. Rxb6 Rxb6 29. Bxb6 Rb8 30. Bc7 Rxb2 31. Bxe5 Rb5 32. Bd4 Bxa3 33. Rxa3 Rb1+ 34. Bf1 Rd1 35. Rd3 Rb1 36. Kg2 1-0

[Event "EU-ch Amateur U2300"]
[Site "Zagreb"]
[Date "2022.08.16"]
[Round "4"]
[White "Horvat, Damjan"]
[Black "Gal, Andrej"]
[Result "1/2-1/2"]
[WhiteElo "2072"]
[BlackElo "1878"]
[PlyCount "120"]
[EventDate "2022.08.14"]
[EventType "swiss"]
[EventRounds "9"]
[EventCountry "CRO"]
[SourceTitle "CBM 210 Extra"]
[Source "ChessBase"]
[SourceDate "2022.11.30"]
[SourceVersion "1"]
[SourceVersionDate "2022.11.30"]
[SourceQuality "1"]

1. Nf3 Nf6 2. d4 d5 3. Bf4 c5 4. c3 Qb6 5. Qb3 c4 6. Qc2 Nc6 7. e3 Bf5 8. Qc1 e6 9. Be2 Be7 10. 0-0 0-0 11. Nbd2 h6 12. b3 cxb3 13. axb3 Rfc8 14. Qb2 Qd8 15. h3 a6 16. b4 a5 17. b5 Nb8 18. c4 b6 19. Rfc1 Nbd7 20. Qb3 Bb4 21. Bd3 Bxd3 22. Qxd3 Qe7 23. e4 dxe4 24. Nxe4 Nxe4 25. Qxe4 Bd6 26. Be3 Nf6 27. Qd3 Rd8 28. Qb3 Rac8 29. Ra2 Nd7 30. Rac2 Ba3 31. Ra1 Bb4 32. Rac1 Ba3 33. Ra1 Bb4 34. Rac1 e5 35. Nxe5 Nxe5 36. dxe5 Bc5 37. Bxc5 Rxc5 38. f4 Qe6 39. Qe3 Qf5 40. Rd2 Rxd2 41. Qxd2 Qe4 42. g3 Rxc4 43. Rxc4 Qxc4 44. Qd8+ Kh7 45. Qxb6 a4 46. Qa6 Qc1+ 47. Kf2 Qb2+ 48. Kf3 a3 49. b6 a2 50. b7 a1Q 51. Qxa1 Qxa1 52. b8Q Qf1+ 53. Ke3 Qxh3 54. Qb1+ g6 55. Qg1 h5 56. Kf2 Qf5 57. Qd1 Kg7 58. Qd8 Qc2+ 59. Kg1 Qc1+ 60. Kg2 Qc6+ 1/2-1/2

[Event "EU-ch 22nd"]
[Site "Terme Catez"]
[Date "2022.04.05"]
[Round "10"]
[White "Horvat, Damjan"]
[Black "Deuer, Marius"]
[Result "0-1"]
[WhiteElo "2145"]
[BlackElo "2304"]
[PlyCount "84"]
[EventDate "2022.03.27"]
[EventType "swiss"]
[EventRounds "11"]
[EventCountry "SLO"]
[SourceTitle "CBM 208"]
[Source "ChessBase"]
[SourceDate "2022.06.30"]
[SourceVersion "1"]
[SourceVersionDate "2022.06.30"]
[SourceQuality "1"]

1. e4 c6 2. d3 d5 3. Nd2 e5 4. Ngf3 Bd6 5. Be2 Nd7 6. 0-0 Ngf6 7. c3 0-0 8. Qc2 Qc7 9. Rd1 a5 10. Nf1 dxe4 11. dxe4 Nc5 12. Ng3 h6 13. h3 Rd8 14. Be3 Be6 15. Kh1 a4 16. Rg1 Be7 17. Nh4 Qc8 18. Nhf5 Bf8 19. f3 Kh7 20. Qc1 Nd3 21. Bxd3 Rxd3 22. Qc2 Rd8 23. Bb6 Rd7 24. Bf2 g6 25. Ne3 h5 26. Ne2 Bh6 27. g4 hxg4 28. hxg4 Bg5 29. Kg2 Kg8 30. Rh1 Qd8 31. Nf1 Bc4 32. b3 Bd3 33. Qd1 axb3 34. Qxb3 Bxe2 35. Ng3 Rd2 36. Rh3 Bxf3+ 37. Kxf3 Qd3+ 38. Kg2 Nxg4 39. Nh1 Qxe4+ 40. Rf3 Ne3+ 41. Kg3 Qg4+ 42. Kh2 Qg2# 0-1

[Event "Belgrade Serbia op"]
[Site "Belgrade"]
[Date "2021.07.04"]
[Round "4"]
[White "Krstulovic, Alex"]
[Black "Horvat, Damjan"]
[Result "1/2-1/2"]
[WhiteElo "2353"]
[BlackElo "2167"]
[PlyCount "47"]
[EventDate "2021.07.02"]
[EventType "swiss"]
[EventRounds "9"]
[EventCountry "SRB"]
[SourceTitle "CBM 203 Extra"]
[Source "ChessBase"]
[SourceDate "2021.09.30"]
[SourceVersion "1"]
[SourceVersionDate "2021.09.30"]
[SourceQuality "1"]

1. d4 d5 2. Nf3 Nf6 3. Bf4 e6 4. e3 c5 5. Nbd2 Bd6 6. Ne5 0-0 7. c3 Qc7 8. Bd3 Nbd7 9. Ndf3 Ne4 10. Nxd7 Bxd7 11. Bxe4 dxe4 12. Bxd6 Qxd6 13. dxc5 Qxc5 14. Qxd7 exf3 15. gxf3 Rfd8 16. Qa4 Qd5 17. Qd1 Qf5 18. Qe2 Qh3 19. f4 Qg2 20. Rf1 Rd6 21. Rd1 Rad8 22. Rxd6 Rxd6 23. f3 Qh3 24. Rf2 1/2-1/2

[Event "Veliko Gradiste Silver Lake op-A"]
[Site "Veliko Gradiste"]
[Date "2021.06.28"]
[Round "7"]
[White "Mihailova, Alina"]
[Black "Horvat, Damjan"]
[Result "1/2-1/2"]
[WhiteElo "1795"]
[BlackElo "2167"]
[PlyCount "92"]
[EventDate "2021.06.23"]
[EventType "swiss"]
[EventRounds "9"]
[EventCountry "SRB"]
[SourceTitle "EXT 2022"]
[Source "ChessBase"]
[SourceDate "2021.10.06"]
[SourceVersion "1"]
[SourceVersionDate "2021.10.06"]
[SourceQuality "1"]

1. d4 d5 2. c4 c6 3. Nf3 Nf6 4. g3 g6 5. Bg2 Bg7 6. Qa4 0-0 7. 0-0 a6 8. Bf4 b5 9. cxb5 cxb5 10. Qb3 Nc6 11. Rc1 Bd7 12. e3 Qb6 13. Ne5 e6 14. Nd3 Rfc8 15. Nd2 Na5 16. Qd1 Bf8 17. Nf3 b4 18. Rxc8 Rxc8 19. Rc1 b3 20. Rxc8 Bxc8 21. axb3 Nxb3 22. Qc2 Qb7 23. Nfe5 Nd7 24. Nc6 Na1 25. Qc1 Qb3 26. Ne7+ Bxe7 27. Qxc8+ Nf8 28. Qxa6 Qd1+ 29. Bf1 g5 30. Bd6 Bxd6 31. Qxd6 Nb3 32. Qa6 Nd2 33. Nc5 Qb1 34. b3 Nxb3 35. Qb5 Nd2 36. Qxb1 Nxb1 37. Bd3 Nd2 38. Kg2 g4 39. h3 h5 40. hxg4 hxg4 41. e4 Nf3 42. exd5 exd5 43. Be2 Nxd4 44. Bxg4 Kg7 45. Nd3 Ng6 46. f4 Ne7 1/2-1/2